| 000 | 00959cam a2200229 4500 | ||
|---|---|---|---|
| 001 | X120382 | ||
| 008 | 021105n2002 000 0 eng u | ||
| 035 | _a(Sirsi) u120382 | ||
| 245 | _aBristol & West plc v Bartlett and another; Paragon Finance plc v Banks; Halifax plc v Grant | ||
| 260 | _c2002 | ||
| 490 |
_aEstates Gazette _v[2002] 33 EG 97 (CS) |
||
| 490 |
_aEstates Gazette _v[2003] 01 EG 69 |
||
| 490 |
_aCourt of Appeal (Civil Division) _v[2002] EWCA Civ 1181 |
||
| 520 | _aCA 31 July 2002. Held that limitation periods applicable to mortgages continue to apply afer a sale and any shortfall in principal can be reclaimed within 12 years bu repayment of any interest must be sought within six years | ||
| 650 | _aBRISTOL & WEST PLC V BARTLETT | ||
| 650 | _aPARAGON FINANCE PLC V BANKS | ||
| 650 | _aHALIFAX PLC V GRANT | ||
| 650 | _aLIMITATION ACT 1980 | ||
| 650 | _aMORTGAGES | ||
| 690 | _aPROPERTY AND LAND LAW-CASE LAW | ||
| 942 | _n0 | ||
| 999 |
_c71534 _d71534 |
||